| 000 | 00938nam a2200265 a 4500 | ||
|---|---|---|---|
| 001 | BRCA_5712 | ||
| 005 | 20190320205204.0 | ||
| 008 | 180113s1997----mx-a######---#000-0#spa-# | ||
| 020 | _a9687279222 | ||
| 041 | _aspa | ||
| 044 | _amx | ||
| 050 | 4 |
_aND467.5 _b.E73 1997 |
|
| 245 | 1 | 0 |
_aLa era victoriana _bun siglo de pintura británica. |
| 260 |
_aMéxico _bMuseo Nacional de San Carlos _c1997 |
||
| 300 |
_a235 p. _bil. (algunas a color) _c33 cm. |
||
| 500 | _aIncluye lista de grabados, biografías de los pintores y abreviaturas empleadas | ||
| 500 | _aCatálogo de la exposición realizada en el Museo de San Carlos (Ciudad de México) | ||
| 500 | _aColección Sonia Corcuera de Mancera | ||
| 504 | _aBibliografía: p. 235 | ||
| 650 | 1 | 4 |
_aPintura victoriana _vExposiciones _zGran Bretaña _914499 |
| 650 | 1 | 4 |
_aPintura británica _vExposiciones _914500 |
| 710 | 2 |
_aMuseo de San Carlos _92079 |
|
| 902 | _aDSC | ||
| 942 |
_2lcc _cB |
||
| 999 |
_c5402 _d5402 |
||